000 00426nam a2200205Ia 4500
001 13180
003 GE_BSU
008 181216s||||||||xx |||||||||||||| ||und||
020 _a0099421771
040 _cGE_BSU
080 _a821.111-3
100 _aSlaughten,Karin.
245 _aBlidsighted.
260 _aLondon.
260 _bArrow.
260 _c2001
300 _a406p;18cm.
653 _aBlidsighted.
942 _cBK
999 _c46344
_d46344